[Event "EU-Cup 18th"]
[Site "Kallithea"]
[Date "2002.09.23"]
[Round "2.1"]
[White "Stohl, Igor"]
[Black "Suba, Mihai"]
[Result "1-0"]
[WhiteElo "2556"]
[BlackElo "2507"]
[Annotator "Golod,V"]
[PlyCount "107"]
[EventDate "2002.09.22"]
[EventType "team-swiss"]
[EventRounds "7"]
[EventCountry "GRE"]
[SourceTitle "CBM 092"]
[Source "ChessBase"]
[SourceDate "2003.02.06"]
[SourceVersion "1"]
[SourceVersionDate "2003.02.06"]
[SourceQuality "1"]
[WhiteTeam "Corpora Lipovec"]
[BlackTeam "Reverte Albox"]
[WhiteTeamCountry "SVK"]
[BlackTeamCountry "ESP"]

1. d4 Nf6 2. c4 e6 3. Nc3 Bb4 4. Qc2 d5 5. cxd5 Qxd5 6. e3 c5 7. Bd2 Bxc3 8.
Bxc3 cxd4 9. Bxd4 Nc6 10. Bc3 e5 {I have already commented two games on this
subject.} 11. Nf3 Bg4 12. Be2 O-O 13. h3 {Before that white was trying with
success to avoid this move.} (13. O-O $5 {See my commented games: Kramnik,
V-Anand,V/Frankfurt,1999/CBM 72(1/2-1/2)(rapid)(49) and Gelfand,B-Speelman,J/
Las Vegas,1999/CBM 72(1-0)(53)}) 13... Bh5 {Now black appears to have an
additional opportunity Bg6.} 14. O-O Rac8 $146 ({It was met before:} 14... Rfd8
15. a3 $6 (15. Rfd1 $142 Qe4 $140 16. Qb3) 15... Bg6 16. Qc1 Ne4 $11 {Flohr,
S-Reshevsky,S/Holland,1938(1/2-1/2)(27)}) (14... Bg6 $5 15. Qb3 Rfe8 (15...
Qxb3 16. axb3 e4 $11 {[%cal Gf6d5]}) 16. Bc4 Qd7 17. Rfd1 Qc7 18. Rac1 $14 {
Flohr,S-Levenfish,G/Leningrad,1939(1-0)(87)}) (14... Rad8 15. b4 (15. Rfd1 $5
Qc5 $140 16. Qb3) 15... Qe4 16. Rfc1 Qxc2 17. Rxc2 Nd5 $6 (17... e4 $142 18.
Nd4 Nxd4 19. Bxd4 Bxe2 20. Rxe2 {+/=/=}) 18. b5 $14 {Reshevsky,S-Bisguier,A/
New York,1957(1-0) (44)}) 15. Rfd1 Qc5 16. Qb3 Qe7 ({It is not working out:} 
16... e4 $2 {in view of:} 17. Bxf6 $1 {[%cal Gd1d5]} exf3 (17... Na5 18. Qb5
exf3 $140 19. Rd5 $1 Qxb5 20. Bxb5 $16) 18. Rd5 {[%csl Rh5]} Qb4 19. gxf3 Bg6
20. Bc3 $16) 17. Qa4 a6 ({It deserves attention:} 17... e4 18. Nd4 (18. Bxf6
$143 Qxf6 (18... gxf6 $6 19. Nd4 $14) 19. Qxe4 Qxb2 $11) 18... Bxe2 (18... Nxd4
$143 19. Bxh5 $14) 19. Nxe2 {+/=/=}) 18. g4 $1 Bg6 19. Nh4 {[%csl Rg6] White
are getting advantage of two bishops.} Rc7 20. Nxg6 hxg6 21. Qa3 $5 {It is
strategically right decision.White are offering to get queens exchanged.} Qxa3
$2 {[%mdl 16384] It is a rough positional mistake.Black are getting deprived
opportunity to attack a white king and get to endgame in which there are two
possible results: win of white or draw.} (21... Qe6 $142 22. Rd6 $140 Qe7 {
[%cal Yf6e4]} 23. Bf3 e4 24. Bg2 Ne5 25. Bxe5 Qxe5 26. Rad1 {with a little
advantage of white.}) 22. bxa3 {+/=/+/-} Ne4 23. Bb2 Rfc8 24. Rac1 Kf8 25. Kg2
{For the beginning white are doing prophylaxy.} f6 $2 {This is already white's
gape? No,I think that Mihai Suba consciously gave up a pawn in order to
coordinate an action of own pieces.I suggest ,he did not want to get a
position which shows up after.} (25... Ng5 26. h4 Ne6 27. Bd3 {[%cal Gd3e4]
with strong pressure.}) 26. Bd3 Nd6 (26... f5 $143 27. Bxe4 fxe4 28. Rc4 $16 {
[%csl Re4]}) 27. Bxg6 $16 Ke7 28. a4 {><b5;/\Ba3 /^a3-f8} Na5 29. Ba3 Rxc1 30.
Rxc1 {Igor Stohl agreed to exchange all rooks,and than two bishops and extra
pawn in queen side easily decide a game in his side.} Nac4 31. Bxd6+ Nxd6 $6 (
31... Kxd6 $142 32. Rb1 Na5 33. Rd1+ (33. Be4 $6 Rc4 34. Bxb7 Rxa4 35. Bxa6
Rxa2 {+/=/+/-}) 33... Ke7 34. Bf5 Rc7 35. h4 $16) 32. Rxc8 Nxc8 33. Be4 Nd6 34.
Bd5 {White have created two positional threats :a5 and h4 and black are not
able to get protected from them at the same time.They have to decide what is
more dangerous for them.} a5 ({I am not positive,that it could be better:} 
34... g5 35. a5 {[%csl Ra6,Rb7] /\Kg3,h4}) 35. h4 b5 36. axb5 Nxb5 37. f4 Nc3
38. Bc4 exf4 39. exf4 Ne4 40. h5 {White's position are technically won.} Kd6
41. Bb3 Nc5 42. Kf3 a4 43. Bc4 a3 44. Ke3 {For the start it is a good idea to
improve the king's position.} Nb7 45. Kd4 $18 {[%csl Ra3]} Ke7 46. Bd5 Nd6 47.
Kc5 Nc8 48. Kb4 Kd6 49. Be4 Nb6 50. Kxa3 Nc4+ 51. Kb4 Ne3 52. Bf3 Nc2+ 53. Kc3
Na3 54. Kb3 1-0

[Event "Julian Borowski-A 3rd"]
[Site "Essen"]
[Date "2001.05.03"]
[Round "2"]
[White "Gurevich, Mikhail"]
[Black "Romanishin, Oleg M"]
[Result "1-0"]
[WhiteElo "2688"]
[BlackElo "2559"]
[Annotator "Golod,V"]
[PlyCount "73"]
[EventDate "2001.05.02"]
[EventType "tourn"]
[EventRounds "9"]
[EventCountry "GER"]
[EventCategory "15"]
[SourceTitle "CBM 083"]
[Source "ChessBase"]
[SourceDate "2001.07.05"]
[SourceVersion "1"]
[SourceVersionDate "2001.07.05"]
[SourceQuality "1"]

1. d4 Nf6 2. c4 e6 3. Nc3 Bb4 4. Qc2 d5 5. cxd5 Qxd5 6. e3 O-O $5 (6... c5 $5 {
It's main line.See comments to Georgiev,K-Adams,M/ Sarajevo,2000/CBM 77(1/2-1/
2) (Golod,V)(22)}) ({Also possibly:} 6... e5 $5 {See comments to Sakaev,
K-Pigusov,E/St. Petersburg,1999/CBM 71 (1/2-1/2)(Golod,V)(41)}) 7. Bd2 ({
Other possibilities is:} 7. Nf3) ({and} 7. Nge2 {.Comments to this moves you
can find in annotations to game: Ivanchuk,V-Short,N/Shenyang,2000/CBM 79(1/2-1/
2)(Golod,V)(34)}) 7... Bxc3 8. Bxc3 $5 {Interesting novelty of Vassily
Ivanchuk.Before,always played:8.bxc3} a5 $146 {[%csl Ya5][%cal Ya5b4]
Non-typical idea.} ({Was checked in the previous games:} 8... b6 $5 {[%cal
Gc8a6] See comments to Ivanchuk,V-Short,N/Shenyang,2000/CBM 79(1/2-1/2)(Golod,
V)(34)}) ({and} 8... Nc6 $6 9. Nf3 Ne4 10. Bd3 Nxc3 11. bxc3 h6 12. e4 Qa5 13.
Rb1 $14 {Lomineishvili,M-Ankerst,M/Germany,2000(1-0)(55)}) ({It deserves
attention:} 8... c5 9. dxc5 Qxc5 {+/=/=}) 9. a3 $5 {[%mdl 32] White make a
useful, preventive move.Mikhail Gurevich did not want to play immediately:} (9.
Nf3 {because of:} b6 {[%cal Gc8a6]}) ({Is a possibly continuation of the play:
} 9. Nh3 $5 {[%cal Gh3f4]} Nc6 10. Nf4 Qd6 11. Rc1 {+/=/=}) 9... Bd7 ({Now
weakly:} 9... b6 {[%cal Gc8a6] in view of:} 10. Be2 {[%csl Ra8,Rd5][%cal Ge2f3]
}) 10. Nf3 {At last,knight can become on the habitual place!} Rc8 ({Looked
more logically} 10... Bb5 {but, there is a strong objection:} 11. e4 Qh5 (11...
Nxe4 $6 12. Bxb5 Nxc3 13. Bd3 Nb5 $8 14. Bxh7+ Kh8 15. Be4 $36 Nxd4 16. Qd3
Nxf3+ 17. Qxf3 Qg5 $8 {[%csl Yg5][%cal Yg5h6]} 18. Bxb7 (18. Qh3+ $5) 18...
Qe5+ 19. Qe2 Qxe2+ 20. Kxe2 Ra7 21. Bf3 $14 {_|_}) 12. Bxb5 Qxb5 13. Rd1 Nbd7
$14) (10... Rd8 $5) 11. Be2 Bc6 {[%csl Gc6,Gd5] /^a8-h1} ({Again a little
doubtfully:} 11... Bb5 {because of:} 12. e4 $1 Qh5 (12... Nxe4 $2 13. Bxb5 Nxc3
14. Bd3 Nb5 15. Bxh7+ Kh8 16. Be4 $18 {[%csl Ra8,Rb7,Rc8,Ge4]}) 13. O-O Bxe2
14. Qxe2 Nbd7 15. Rac1 $14) 12. O-O {+/=/=} Nbd7 13. Rfc1 {[%mdl 32] It is
necessary to pass a rook forward,and only then to play Ne1 <->c;(קc7)} Ne4 14.
Ne1 {[%csl Ye1][%cal Ye1g2,Gf2f3]} Qg5 15. Bd3 $14 {For last some moves the
white position was appreciablly improved.} Ndf6 16. Nf3 $1 Qd5 $6 ({In my
opinion,it was better:} 16... Qh5 17. Ne5 $14 Bd5 18. f3 Nxc3 19. bxc3 c5 $14)
17. Ne5 Bb5 ({After:} 17... Nxc3 18. Nxc6 $8 Qxc6 19. Qxc3 $14 Qxc3 20. Rxc3 {
white save a positional advantage in the endgame.}) 18. Bxb5 Qxb5 19. Be1 {
/\f3,e4.Bf2 White have prepared for capture of the centre.} Nd6 20. f3 a4 $6 ({
Can be recommended:} 20... Nd5 $5 21. Bf2 (21. e4 $143 Nf4 $132 {[%csl Re2]})
21... a4 $14) 21. e4 {[%csl Ye4,Rf6][%cal Ye4d5,Ye4f5] Now points "d5" and
"f5" are taken under the control.} Nd7 22. Nd3 {[%csl Yd3][%cal Yd3c5]} f5 {
[%csl Re6] I am not sure, that would decide on this move.} (22... Ra6 $5) 23.
e5 Ne8 ({A little bit better is:} 23... Nf7 24. Nf4 Nf8 25. Bb4 Qd7 {[%csl Yd7]
[%cal Yd7e6]} 26. Rd1 $14) 24. Nf4 Ra6 {It's best defence move.} ({Badly:} 
24... Nf8 {in view of:} 25. Bb4 {[%csl Re6,Yf8][%cal Yf8e6,Gb4f8]}) 25. Qf2 Rc6
$6 ({It deserves attention:} 25... c5 26. d5 $140 exd5 27. Nxd5 Re6 28. f4 $14)
26. Bb4 Nb6 $2 ({More stubborn resistance after:} 26... Rxc1+ 27. Rxc1 {
[%csl Re6]} Qb6) 27. Rc5 $1 {Black remain,without pawn or with hopeless
position.} Rxc5 $8 28. dxc5 Nd7 ({Also there is not enough of pleasure,after:} 
28... Nd5 29. Nxe6 Nxb4 30. axb4 Qxb4 31. Qc2 $16 {[%csl Ra4,Rf5]}) 29. Nxe6
Qc4 (29... Nxe5 $142 30. Qd4 Nf7 (30... Nd7 31. Qd5 $16 {[%csl Rf5,Rg8]}) (
30... Nc6 $143 31. Qd7 Rb8 32. Re1 $18) 31. Re1 {[%csl Gb4,Gd4,Rg7][%cal Gb4c3]
} Qc6 32. Bc3 Nf6 33. Qf4 $16 {[%csl Rf5]} Nd5 $140 34. Qxf5 Nxc3 $2 35. Qg4 $1
{[%csl Rg7]} g6 36. Qd4 $18 {[%csl Rg8][%cal Gd4g7]}) 30. Nd4 Nxe5 31. Nxf5 {
Pawn up and open position of the black king should quickly decide a game.} Qf7
(31... Rd8 $142 32. Qe3 (32. Re1 $2 Nd3 33. Qd2 {[%cal Gd2g5]} Nxe1 34. Qxd8
Qe2 {[%csl Rg1][%cal Ge2g2]} 35. Qd2 Qxd2 36. Bxd2 Nd3 $14 {[%csl Rb2,Rc5]})
32... Qe6 33. Qg5 {[%csl Rd8]} Nf7 34. Qf4 {+/-/+-}) 32. Qc2 Rd8 33. Qe4 $18 {
[%csl Ge4] Now white queen occupies ideal position.} Nc6 ({Loses right away:} 
33... Nd3 34. Bc3 $140 Nxc5 {in view of:} 35. Qe5 {[%csl Gc3,Ge5,Rg8][%cal
Gf5h6]} Qc4 36. Re1 $1 $18) 34. Bc3 Nf6 35. Qxa4 Qd5 36. Qf4 Qxc5+ 37. Kh1 {
[%csl Gc3,Gf4,Rf6][%cal Gf5g7] There is no satisfactory protection against
numerous threats.} 1-0

[Event "EU-ch 5th"]
[Site "Antalya"]
[Date "2004.05.24"]
[Round "9"]
[White "Anastasian, Ashot"]
[Black "Parligras, Mircea Emilian"]
[Result "0-1"]
[WhiteElo "2587"]
[BlackElo "2549"]
[Annotator "Golod,V"]
[PlyCount "77"]
[EventDate "2004.05.15"]
[EventType "swiss"]
[EventRounds "13"]
[EventCountry "TUR"]
[SourceTitle "CBM 101"]
[Source "ChessBase"]
[SourceDate "2004.07.27"]
[SourceVersion "1"]
[SourceVersionDate "2004.07.27"]
[SourceQuality "1"]

1. d4 Nf6 2. c4 e6 3. Nc3 Bb4 4. Qc2 d5 5. cxd5 Qxd5 6. Nf3 Qf5 7. Qb3 {
White wants to avoid queens exchange in order to get more complicated position.
} c5 (7... Nc6 $5 {You can see my comments to Azmaiparashvili,Z-Huzman,A/
Bugojno,1999/CBM 74/(1/2-1/2)(55)}) 8. Bd2 $6 ({Obviously better is:} 8. a3 {
For further comments,you can see game: Alterman,B-Oll,L/Beijing,1997/CBM 61(1/
2-1/2)(Finkel,A)(22)}) 8... Nc6 9. a3 $146 ({The only game that reached this
position was continued in such a way:} 9. dxc5 Qxc5 10. e3 O-O 11. Rc1 e5 (
11... Qf5 $5 {[%cal Yb4e7,Yc8d7]} 12. a3 Be7 $11) 12. a3 Ba5 13. Qc2 {Pronold,
H-Bensch,P/Bayern,1997(1/2-1/2)(40)}) 9... Bxc3 10. Bxc3 ({Doesn't lead to
advantage:} 10. bxc3 $6 O-O 11. e3 e5 $1 12. d5 (12. dxe5 Ne4 $1 $15 {[%csl
Ye4,Rf2,Gf5][%cal Gc6e5]}) (12. dxc5 Rd8 $1 {/\Ne4 קc5} (12... e4 13. Nd4 Qxc5
$11) 13. Qb1 Qxb1+ (13... Ne4 $6 14. Bd3 Nxd2 15. Bxf5 Nxb1 16. Bxb1 $11) 14.
Rxb1 Ne4 15. Bc4 h6 $15 {[%csl Rc5,Rd3,Ge4][%cal Yh6g5,Gc8f5]}) 12... Ne7 13.
c4 e4 (13... Ne8 $5) 14. Nh4 $1 (14. Ng1 $143 {/\Ne2-g3} Ng4 15. Nh3 $140 {
[%tqu "En","Can you find nice bomb that gives to black material advantage?","",
"","g4h2","",10]} Nxh2 $1 {[%csl Ra1,Rh2][%cal Gf5e5,Ge5a1,Ge5h2]} 16. Be2 Ng4
$15 {still,White has some counterplay for a pawn,but no more.}) 14... Qg5 15.
g3 Ng4 {[%csl Ra1,Ge5,Rf2][%cal Yg4e5,Yb7b6,Gg5f6,Gc8d7]} 16. Bc3 Ng6 17. Qb2
N4e5 $13 {White has two bishops advantage,but the center is closed and that
may provide easier play for Black.}) 10... Ne4 11. Qc4 (11. dxc5 $142 Qxc5 $1 (
11... Nxc5 $143 12. Qc4 O-O 13. Nd4 $1 Nxd4 14. Qxd4 f6 15. g4 $1 {Very strong
idea.White forces queens exchange and with two bishops remained on the board,
White will have full domination all over the board.} Qe4 ({even is worse:} 
15... Qd5 16. Qxd5 exd5 17. Rg1 $14) 16. Qxe4 Nxe4 17. Bb4 Re8 18. Bg2 a5 $140
19. Bxa5 Nxf2 20. Kxf2 Rxa5 21. Rhc1 $14 {[%csl Rb7,Gg2][%cal Gc1c7]}) 12. e3
Nxc3 13. Rc1 O-O 14. Qxc3 {[%csl Rc8,Gf1] +/=/= White has only symbolical
advantage,but it can developed to something more serious if Black does not
play well.}) 11... cxd4 12. Bxd4 e5 $1 ({It deserves attention:} 12... O-O $5
13. g4 $6 {Too optimistic move.} Qg6 14. h4 e5 15. Nxe5 Nxe5 16. Bxe5 Re8 17.
h5 Qxg4 $15 {Black has very strong game in the center,while white's pieces are
still undeveloped.}) 13. Be3 Be6 14. Qa4 ({Senselessly:} 14. Qb5 {in view of:}
O-O 15. Qxb7 $140 $2 Rfc8 16. Qa6 Nf6 $40 {[%cal Ge5e4,Gf5c2,Gf6g4] With a
strong game for a pawn.}) 14... Nf6 $6 ({In my opinion,better was simplest:} 
14... O-O 15. g3 Bd5 16. Bg2 Qe6 $15 {White's pieces are badly located and
very difficultly to re-organize them,so Black has a clear advantage.}) 15. h3
$1 {/\g4} Bd5 16. g4 Qe4 $6 ({It was better to keep queens on the board:} 16...
Qe6 17. Bg2 O-O 18. O-O Rfd8 19. Rac1 $15 {Although White got a better edition,
than 14..0-0, he still has a little worse position.}) 17. Qxe4 Bxe4 18. Bg2 Nd5
(18... h5 $144 19. g5 Nd5 20. Bd2 Nd4 (20... f5 $5 $13) 21. Nxd4 Bxg2 22. Rh2
$1 Be4 (22... Bxh3 23. Nf3 Bf5 24. Nxe5 $11) 23. Nb5 Ke7 24. f3 Bf5 25. e4 Bd7
26. exd5 Bxb5 $11) 19. Bd2 Nd4 $6 {Logical move,but simplifications there are
in White's favour.} ({For equality,enough was:} 19... Rd8 20. Rg1 $1 {[%cal
Gf3e5]} Bxf3 21. Bxf3 Nd4 22. Be4 Nf6 23. Bf5 Nb3 (23... g6 $143 24. Bd3) 24.
Rd1 Nxd2 25. Rxd2 Rxd2 26. Kxd2 Ke7 $11) 20. Nxd4 Bxg2 21. Rg1 Be4 (21... exd4
$143 22. Rxg2 {[%csl Rd4][%cal Gg2g3,Gg3d3]}) (21... Bxh3 22. Nb5 {[%csl Gb5,
Rc7,Yd5,Rh3][%cal Gb5c7,Ge2e4,Gg1g3]} h5 23. e4 Nf6 24. Nc7+ Kd7 25. Nxa8 hxg4
26. Bc3 Rxa8 27. Bxe5 Nxe4 28. Bxg7 f5 $44) 22. Nf5 Bxf5 23. gxf5 g6 $11 24. e4
$1 ({Cannot bring an advantage:} 24. Bg5 {[%csl Rd8][%cal Ya1d1,Gg5d8]} Rg8 25.
Rd1 Nb6 26. Bc1 $11) 24... Nf6 25. f3 (25. Bc3 $143 Nxe4 26. Bxe5 O-O 27. Rg4
Nc5 28. O-O-O Rfd8 $11) 25... gxf5 $6 (25... Nd7 26. Rc1 {<->c}) (25... Rc8 $5
26. Bc3 Rc5 $11) 26. exf5 Nd5 27. Rc1 $2 {White did not use discrepancy of the
contender:} (27. Rd1 $1 {[%cal Gg1g7,Gd2g5]} O-O-O (27... Rd8 $143 28. Kf2 {
In comparison to the game,White had improved his position.Black's king is in a
trouble,because on:} Ke7 {will come:} 29. Bg5+ f6 (29... Nf6 $4 30. Rde1 $18)
30. Bh6 $14 {with a clear advantage.}) 28. Rg7 Rd7 (28... f6 $143 29. Bh6 $14)
29. Rc1+ Kb8 30. Bc3 Nxc3 31. Rxc3 h6 32. Re3 {+/=/=}) 27... Ke7 28. Ke2 Rhg8
29. Bg5+ Kd6 $1 (29... f6 $143 30. Be3 b6 {[%csl Ya7,Yb6,Re3,Ye5,Yf6]} 31. Kd3
{/\Ke4=}) 30. Kd3 Rac8 31. h4 Rxc1 (31... f6 $143 32. Rxc8 Rxc8 33. Be3 b6 34.
Rg7 Rc7 35. Rxc7 Kxc7 36. Ke4 Kd6 $11) 32. Rxc1 f6 $6 {The only way to get an
advantage is:} (32... h6 $1 33. Bxh6 (33. Bd2 b6 $15) 33... Rh8 34. Be3 Nxe3
35. Kxe3 Rxh4 $15 {[%csl Rf5][%cal Gh4f4,Gh4h2]}) 33. Ke4 $1 fxg5 (33... h6 $5
34. Rd1 hxg5 35. Rxd5+ Ke7 36. hxg5 Rxg5 37. Rd2 $1 $11) 34. Rd1 gxh4 35. Rxd5+
Ke7 $11 ({Of course not:} 35... Kc6 $2 36. Rd2 $1 {[%csl Rc6][%cal Yd2h2,Ge4e5,
Gf5f6] and Black had cut his king from the game.} Re8 37. Rh2 Kd6 38. Rxh4 Rh8
39. Rh6+ $16) 36. Kxe5 (36. Rxe5+ $144 Kf7 37. Rd5 Rg2 $11) 36... Rg2 37. f6+
Ke8 38. b4 $4 {[%mdl 8192] Unbelievable blunder.Does it possible that a player
in Ashot Anastasian's level could miss such a simple idea?} (38. Ke4 {[%cal
Gd5h5]} Kf7 39. Rd7+ Kxf6 40. Rxh7 Rxb2 41. Rxh4 Ra2 42. Rh7 $11) 38... Rg5+
39. Kd4 (39. Kd4 Rxd5+ 40. Kxd5 h3 $19 {[%csl Gh3][%cal Gh3h2,Gh2h1]}) 0-1

[Event "ESP-chT Honor Gp2 49th"]
[Site "Sant Lluis"]
[Date "2005.08.31"]
[Round "1"]
[White "Dreev, Alexey"]
[Black "Gurevich, Mikhail"]
[Result "1/2-1/2"]
[WhiteElo "2698"]
[BlackElo "2669"]
[Annotator "Gurevich,M"]
[PlyCount "107"]
[EventDate "2005.08.31"]
[EventType "team"]
[EventRounds "5"]
[EventCountry "ESP"]
[SourceTitle "CBM 109"]
[Source "ChessBase"]
[SourceDate "2005.11.14"]
[SourceVersion "1"]
[SourceVersionDate "2005.11.14"]
[SourceQuality "1"]

1. d4 Nf6 2. c4 e6 3. Nc3 Bb4 4. Qc2 d5 5. cxd5 Qxd5 6. Nf3 Qf5 7. Qxf5 exf5 8.
a3 Bd6 9. g3 c6 10. Ne5 $5 {TN[/\11.Nd3,12.Bf4|^<<]} (10. Bg2 Nbd7 11. Bf4 Bxf4
12. gxf4 Nb6 13. e3 (13. Ne5 Be6 14. O-O Nfd5 15. e3 Nxc3 16. bxc3 f6 17. Nd3
Bc4 18. Rfd1 Na4 19. Nc5 Nxc5 20. dxc5 Ke7 21. Rab1 Rab8 22. Rd4 Ba6 23. Bh3 g6
24. Bf1 $14 {1-0 Kharlov,A-Timman,J/Saint Vincent 2000/CBM 78 (51)}) 13... Be6
14. O-O Ke7 15. b4 Nfd5 16. Rfc1 Rhc8 17. Ne5 a5 18. bxa5 {1/2-1/2 Kobalia,
M-Kuzubov,Y/Warsaw 2005/Mega2006 (27)} Rxa5 $5 19. Nxd5+ (19. Rab1 Ra7 20.
Nxd5+ Nxd5 $11) 19... Nxd5 20. Rab1 Ra7 $11) 10... Be6 11. Nd3 Nbd7 12. Bf4
Bxf4 (12... Ke7 $5 13. Bxd6+ Kxd6 14. Bg2 a5 $132) 13. gxf4 (13. Nxf4 Ke7 14.
Bg2 Rhd8 {(/\15...a5,16...Nb6<=><<)}) 13... Ke7 14. Bg2 Bd5 (14... Rhd8 15. O-O
a5 $132) 15. Bxd5 cxd5 $6 (15... Nxd5 16. Rc1 N7f6 17. e3 Rhd8 $11) 16. f3 $5
Rhc8 17. Kd2 Ke6 {[/\Nf6-e8-d6-c4<=><<]} (17... Rc4 18. Ne5 $1 Rc7 (18... Rxd4+
19. Ke3 $18) 19. Nb5 Rcc8 20. Rhc1 $14) 18. b3 $5 {[xc4]} Ne8 19. Rhc1 (19. e4
$5 dxe4 20. fxe4 fxe4 21. Nxe4 Kd5 22. Ke3 $36) 19... Nd6 20. a4 {[/\21.Nb4,22.
Nb5]} a5 21. Nb5 $5 Nxb5 22. axb5 Rxc1 23. Rxc1 a4 $1 $132 24. bxa4 (24. Ra1 a3
25. Ra2 Kd6 26. Kc3 Nf8 $5 27. Kb4 Re8 $132) 24... Rxa4 25. Rc7 Rxd4 26. Rxb7 {
[/\27...Kc3]} Rc4 $1 (26... Ra4 27. Kc3 Ra2 28. b6 $36) 27. Ra7 (27. Rxd7 Kxd7
28. Ne5+ Kd6 29. Nxc4+ dxc4 30. Kc3 Kc5 31. b6 Kxb6 32. Kxc4 Kc6 $11) 27... g6
28. Ra6+ Ke7 29. h3 h6 30. Rc6 $6 (30. h4 Nc5 31. Ra7+ Ke6 32. b6 Nxd3 33. b7
Rb4 34. Kxd3 Kd6 $11) (30. e3 Nc5 31. Ra7+ Ke6 32. Ne5 Rb4 33. Rxf7 Rxb5 34.
Rg7 $36) 30... Rxc6 31. bxc6 Nf8 $1 32. Ne5 {[/\33.c7]} Kd6 $5 (32... Ne6 33.
e3 g5 $11) 33. Nxf7+ Kxc6 34. Nxh6 Ne6 35. e3 d4 $1 36. Nf7 Kd5 37. Ne5 dxe3+
38. Kxe3 Nf8 $11 39. Kd3 Kc5 40. Ke2 Kd4 41. Kf2 Kd5 42. Ke3 Kc5 43. Nd3+ Kd5
44. Nb4+ Kc4 45. Nc6 Kd5 46. Ne5 Kc5 47. h4 Kd5 48. Kd3 Kc5 49. Ke2 Kd4 50. Kf2
Kd5 51. Kg3 Ke6 52. Kf2 Kd5 53. Kf1 Kd4 54. Kf2 1/2-1/2

[Event "Hoogovens"]
[Site "Wijk aan Zee"]
[Date "1995.01.??"]
[Round "2"]
[White "Onischuk, Alexander"]
[Black "Short, Nigel D"]
[Result "0-1"]
[WhiteElo "2585"]
[BlackElo "2640"]
[Annotator "Hansen,LB"]
[PlyCount "132"]
[EventDate "1995.01.??"]
[EventType "k.o."]
[EventRounds "5"]
[EventCountry "NED"]
[SourceTitle "CBM 045"]
[Source "ChessBase"]
[SourceDate "1995.04.01"]
[SourceVersion "1"]
[SourceVersionDate "1995.04.01"]
[SourceQuality "1"]

1. d4 Nf6 2. c4 e6 3. Nc3 Bb4 4. Qc2 d5 5. cxd5 Qxd5 6. Nf3 Qf5 $5 {
Romanishins idea.} 7. Qb3 (7. Qxf5 exf5 8. a3 (8. Bd2 c6 9. e3 Nbd7 10. Bd3 Nb6
11. Ne2 Bd6 12. O-O Ne4 $10 {Beliavsky,A-Romanishin,O/Groningen PCA/1993/})
8... Bd6 (8... Be7 9. b4 c6 10. e3 Be6 11. Bd3 Nbd7 12. Ng5 Nd5 13. Nxe6 fxe6
$10 {Alterman,B-Hamdouchi,H/Etoiles/1994/}) 9. e3 Nbd7 10. Bd2 c6 11. Bd3 Nb6
12. b4 O-O 13. O-O g6 14. b5 c5 15. a4 Be6 16. Rfc1 Rac8 {1/2-1/2/Alterman,
B-Davies,N/Rishon Le Zion/1994/}) 7... c5 (7... Nc6 $5 {Dao Thien
Hai-Kortschnoj,Moscow olm/1994/}) 8. a3 Ba5 (8... Bxc3+ 9. Qxc3 Nbd7 10. g3 Ne4
11. Qe3 b6 12. dxc5 Ndxc5 13. b4 Na4 $13 {Bareev,E-Beliavsky,A/Linares/1994/})
9. e3 Nc6 10. Be2 cxd4 11. exd4 Qe4 $5 $146 (11... Qd5 12. Bc4 Qe4+ 13. Be3 O-O
14. O-O Bxc3 15. Qxc3 Bd7 $10 {Shabalov,A-Romanishin,O/Bonn GSK/1994/}) 12. Bd2
Bxc3 13. bxc3 O-O 14. Be3 Na5 $1 15. Qb5 b6 16. Nd2 $6 (16. h3 $5 Bb7 (16...
Nd5 $4 17. Bd3 $18) 17. O-O $13) 16... Qg6 17. Qd3 $6 {With hanging pawns
White should try to keep the queens on.} Bb7 18. Qxg6 hxg6 19. O-O Rac8 20. c4
Ba6 $15 {X c4,d4} 21. Rfc1 Rfd8 22. Rc2 Ne8 $1 23. Rac1 Nd6 24. g4 f6 25. Kf1
g5 26. a4 Nc6 27. Rb2 Nb7 28. c5 $6 {Doesn`t work,but the position was
unpleasant.} Bxe2+ 29. Kxe2 Nxd4+ 30. Bxd4 Rxd4 31. a5 $5 Rxc5 32. Rxc5 Nxc5
33. axb6 axb6 34. Rxb6 Rxg4 35. Rc6 Nd7 36. Rxe6 Ne5 $17 37. Nf1 Re4+ 38. Ne3
Kf7 39. Ra6 Ng4 40. Ra7+ Kg6 41. Kf3 Rf4+ 42. Kg3 Ne5 43. Ra2 Rd4 44. h3 Nd3
45. Kh2 Rh4 46. Ng2 Re4 47. Kg3 f5 48. Rd2 f4+ 49. Kf3 Rd4 50. Ke2 Nc1+ 51. Ke1
Nb3 52. Rb2 $6 (52. Rxd4 Nxd4 $17 {X h3}) 52... Rd3 $19 53. h4 f3 54. h5+ Kxh5
55. Ne3 g4 56. Nd1 Kh4 57. Ra2 Nd4 58. Ne3 g3 59. fxg3+ Kxg3 60. Nf1+ Kf4 61.
Kf2 g5 62. Ng3 g4 63. Nh5+ Kg5 64. Ng3 Kh4 65. Rb2 Ne2 $1 66. Nf5+ (66. Nxe2
fxe2 67. Rxe2 (67. Kxe2 Rf3 $19) 67... Kh3 68. Kg1 (68. Re1 Kh2 $19 (68... g3+
$2 69. Kg1 $10)) 68... Rd1+ $1 (68... g3 $2 69. Re1 $10) 69. Kf2 g3+ $19) 66...
Kh3 0-1